Paraboly a hyperboly nad konečnými poľami

Saved in:
Bibliographic Details
Main Author: Patrnčiak, Lukáš (Author)
Other Authors: Čipková, Karla (Thesis advisor)
Format: Manuscript Book
Language:Slovak
Published: Bratislava : STU v Bratislave FEI, 2023
Subjects:
Online Access:https://opac.crzp.sk/?fn=detailBiblioFormChildCNTGK&sid=08878EB2E7E37CD098957AC0752B&seo=CRZP-detail-kniha
Tags: Add Tag
No Tags, Be the first to tag this record!

MARC

LEADER 00000ntm a22000003a 4500
001 stuzp88719
003 SK-STU
005 20241113130655.3
007 ta
008 150427s2015----xo-----f-mn---000-0-slo-d
040 |a STU  |b slo 
041 0 |a slo 
044 |a xo 
100 1 |a Patrnčiak, Lukáš  |u 035000  |4 aut  |U FEI Fakulta elektrotechniky a informatiky  |T FEI Ústav informatiky a matematiky  |X 92320  |U E050  |Y 816  |7 92320 
242 0 1 |a Parabolas and Hyperbolas in Finite Fields  |y eng 
245 1 0 |a Paraboly a hyperboly nad konečnými poľami 
260 |a Bratislava :  |b STU v Bratislave FEI,  |c 2023 
300 |a 92 s., príl. 
650 4 |a kužeľosečky  |2 slo 
650 4 |a hyperbola  |2 slo 
650 4 |a konečné pole  |2 slo 
650 4 |a parabola  |2 slo 
650 4 |a kvadratická kongruencia  |2 slo 
650 4 |a kvadratické zvyšky  |2 slo 
650 4 |a kvadratické nezvyšky  |2 slo 
650 4 |a Legendrov symbol  |2 slo 
650 4 |a hyperbola  |2 eng 
650 4 |a finite field  |2 eng 
650 4 |a quadratic congruence  |2 eng 
650 4 |a quadratic residues  |2 eng 
650 4 |a quadratic non-residues  |2 eng 
650 4 |a Legendre symbol  |2 eng 
650 4 |a conic sections  |2 eng 
650 4 |a parabola  |2 eng 
700 1 |a Čipková, Karla  |u 035000  |k Z1  |4 ths  |U FEI Fakulta elektrotechniky a informatiky  |T FEI Ústav informatiky a matematiky  |X 2149  |U E050  |Y 816  |7 A000002149 
856 4 |u https://opac.crzp.sk/?fn=detailBiblioFormChildCNTGK&sid=08878EB2E7E37CD098957AC0752B&seo=CRZP-detail-kniha